Celní řízení: Celní sklady

využitie inštitútu zjednodušeného colného prehlásenia pri prepúšťaní tovaru do režimu uskladňovania v colnom sklade. Povolenie zjednodušeného colného prehlásenia.

Saved in:
Bibliographic Details
Main Author: Šamša, Petr
Other Authors: Stuchlík, Karel
Format: Book Chapter
Language:Czech
Subjects:
Tags: Add Tag
No Tags, Be the first to tag this record!

MARC

LEADER 00000naa a2200000 4500
001 r044279
005 20230908091819.5
041 0 |a cze 
044 |a CZ 
245 1 0 |a Celní řízení: Celní sklady  |c Petr Šamša, Karel Stuchlík 
520 |a využitie inštitútu zjednodušeného colného prehlásenia pri prepúšťaní tovaru do režimu uskladňovania v colnom sklade. Povolenie zjednodušeného colného prehlásenia. 
610 2 0 |a sklady colné 
610 2 0 |a konanie colné 
610 2 0 |a skladovanie 
610 2 0 |a tovar 
610 2 0 |a úrady colné 
610 2 0 |a Česko 
100 1 |a Šamša, Petr 
700 1 |a Stuchlík, Karel